Представление документа в формате RUSMARC

ПолеНазваниеЗначение
  Тип записи a
  Библиографический уровень a
001 Контрольный номер RU/CBS_UL/BASE/643392465
005 Дата корректировки 20240209175116.9
100 Данные общей обработки __
a Данные общей обработки 20200521d2020 ||| 0rusy0189 ca
101 Язык документа 0_
a Язык текста rus
102 Страна публикации __
a Страна публикации RU
105 Кодированные данные (монография) __
a Кодированные данные (монография) y###||||000|y
181 Поле кодированных данных: вид содержания _1
a Код вида содержания (ISBD) i#
b Код характеристики содержания (ISBD) #xxe##
d i
g x
h x
i e
182 Поле кодированных данных: тип средства _1
a Код типа средства (ISBD) n
2 Код системы (источник кода, отличный от ISBD) isbdmedia
200 Заглавие и сведения об ответственности 1_
a Заглавие Как у нас реализуется национальный проект "Демография"
b Общее обозначение материала Текст
e Сведения, относящиеся к заглавию [социальная поддержка для семей с детьми]
f Первые сведения об ответственности И. Игнатьев
w Текст (визуальный) : непосредственный
203 Вид содержания и тип средства __
a Вид содержания Текст
b Характеристика содержания визуальный
c Тип средства непосредственный
333 Примечание о целевом назначении __
a Примечание о целевом назначении 16+
461 Уровень набора _0
1 2000
a Ульяновск сегодня
463 Уровень физической единицы _0
1 001RU/CBS_UL/BASE/638463099
1 2000
a № 8 (31 янв.)
v С. 12
1 210
d 2020
606 Тематические рубрики 0_
a Основная рубрика Социальная политика - Ульяновская область
610 Ключевые слова 0_
a Ключевые слова проекты
610 Ключевые слова 0_
a Ключевые слова национальные проекты
610 Ключевые слова 0_
a Ключевые слова Демография (национальные проекты)
610 Ключевые слова 0_
a Ключевые слова социальная поддержка
610 Ключевые слова 0_
a Ключевые слова социальная поддержка семей с детьми
610 Ключевые слова 0_
a Ключевые слова социальное обеспечение
610 Ключевые слова 0_
a Ключевые слова выплаты
610 Ключевые слова 0_
a Ключевые слова ежемесячные выплаты
686 Индексы других классификаций __
a Классификационный индекс 65.272
2 Код системы rubbk
700 Автор _1
a Фамилия Игнатьев
b Имя (инициалы) И.
801 Источник записи _0
a Страна RU
b Организация МБУК ЦБС г. Ульяновска
c Дата составления 20200521
g Правила каталогизации RCR
801 Источник записи _1
a Страна RU
b Организация МБУК ЦБС г. Ульяновска
c Дата составления 20200521
g Правила каталогизации RCR
901 Тип документа __
t Тип документа b
w Контрольный № источника RU/CBS_UL/BASE/638463099
910 Корректоры записи __
a Корректор записи Сидоркина
938 Служебная информация __
a Имя БД kraeved